Ergonomía 4 : el trabajo en oficinas / Pedro R. Mondelo [et. al] (Registro nro. 16883)
[ vista simple ]
| 000 -LÍDER | |
|---|---|
| fixed length control field | 00616nam a2200157 4500 |
| 008 - ELEMENTOS DE LONGITUD FIJA -- INFORMACIÓN GENERAL | |
| fixed length control field | 0 2002 0al 000 0MEX |
| 020 ## - NÚMERO INTERNACIONAL NORMALIZADO PARA LIBROS | |
| ISBN | 970-15-0782-7 |
| 050 ## - SIGNATURA TOPOGRAFICA DE LA BIBLIOTECA DEL CONGRESO (LC) | |
| Número de Clasificación | TA166 M6 2002 V.4 |
| 082 ## - NUMERO DE CLASIFICACION DECIMAL DEWEY | |
| Número de Clasificación | 620.82 M741et |
| 100 ## - ASIENTO PRINCIPAL--NOMBRE PERSONAL | |
| Nombre personal | Mondelo, Pedro R. |
| 245 ## - TÍTULO | |
| Título | Ergonomía 4 : el trabajo en oficinas / Pedro R. Mondelo [et. al] |
| 260 ## - PUBLICACIÓN, DISTRIBUCIÓN, ETC. (PIE DE IMPRENTA) | |
| Lugar de publicación, distribución, etc. | México : Alfaomega |
| 300 ## - DESCRIPCIÓN FÍSICA | |
| Extensión | 328 p. / 25 cm. |
| 500 ## - NOTA GENERAL | |
| Nota general | Contiene CD-Rom con tres programas : OFITERM, CALCILUM y OFISONOR con los que podrá evaluar y diseñar ambientes térmicos, luminosos y sonoros. |
| 650 ## - ASIENTO SECUNDARIO DE MATERIA - TERMINO TEMÁTICO | |
| Término temático o nombre geográfico como elemento de entrada | 1.ERGONOMIA \ 2.ANTROPOMETRIA \ 3.BIOMECANICA |
| No. biblioteca | No. biblioteca | Número de clasificación | Código de barras/Número de adquisición | Número de copia | Tipo de material | Otras carreras |
|---|---|---|---|---|---|---|
| LUIS G. INCLAN | LUIS G. INCLAN | 620.82 M741et | 43181 | 1 | Libros | |
| LUIS G. INCLAN | LUIS G. INCLAN | 620.82 M741et | 43182 | 2 | Libros | |
| LUIS G. INCLAN | LUIS G. INCLAN | 620.82 M741et | 43183 | 3 | Libros | |
| LUIS G. INCLAN | LUIS G. INCLAN | 620.82 M741et | 43184 | 4 | Libros | |
| ÁREA DE INDUSTRIAL | ÁREA DE INDUSTRIAL | 620.82 M741et | 51026 | 5 | Libros | |
| ÁREA DE INDUSTRIAL | ÁREA DE INDUSTRIAL | 620.82 M741et | 51232 | 6 | Libros | |
| ÁREA DE INDUSTRIAL | ÁREA DE INDUSTRIAL | 620.82 M741et | 51233 | 7 | Libros | |
| ÁREA DE INDUSTRIAL | ÁREA DE INDUSTRIAL | 620.82 M741et | 51430 | 8 | Libros | |
| ÁREA DE INDUSTRIAL | ÁREA DE INDUSTRIAL | 620.82 M741et | 51431 | 9 | Libros | |
| ÁREA DE INDUSTRIAL | ÁREA DE INDUSTRIAL | 620.82 M741et | 54305 | 10 | Libros | LUIS G. INCLAN |
| ÁREA DE INDUSTRIAL | ÁREA DE INDUSTRIAL | 620.82 M741et | 54306 | 11 | Libros | LUIS G. INCLAN |
